[Event "Koblenz-ch"]
[Site "Koblenz"]
[Date "2000.09.12"]
[Round "2"]
[White "Kottemer, Juergen"]
[Black "Fink, Horst"]
[Result "0-1"]
[WhiteElo "1820"]
[BlackElo "1968"]
[PlyCount "48"]
[EventDate "2000.08.29"]
[EventType "swiss"]
[EventRounds "7"]
[EventCountry "GER"]
[SourceTitle "EXT 2005"]
[Source "ChessBase"]
[SourceDate "2004.11.15"]
[SourceVersion "1"]
[SourceVersionDate "2004.11.15"]
[SourceQuality "1"]

1. d4 Nf6 2. Nf3 e6 3. Bg5 Be7 4. e3 b6 5. c4 Ne4 6. Bxe7 Qxe7 7. Bd3 Bb7 8. 0-0 0-0 9. Nbd2 Nxd2 10. Nxd2 f5 11. Qe2 Rf6 12. e4 Rg6 13. Nf3 f4 14. e5 Rh6 15. Be4 c6 16. Qd2 d5 17. exd6 Qxd6 18. Ne5 Rf6 19. Ng4 Rf7 20. Qd3 h6 21. Ne5 Rf6 22. Rad1 Nd7 23. Rfe1 Rd8 24. Qh3 Nxe5 0-1